书目信息 |
| 题名: |
脏话文化史
|
|
| 作者: | 韦津利 著 ;颜韵 译 | |
| 分册: | ||
| 出版信息: | 上海 文汇出版社 2008 |
|
| 页数: | 271页 | |
| 开本: | 21cm | |
| 丛书名: | ||
| 单 册: | ||
| 中图分类: | H034 | |
| 科图分类: | ||
| 主题词: | 俗语--研究 , 俗语 | |
| 电子资源: | ||
| ISBN: | 978-7-80741-283-0 | |
| 000 | 00860nam0 2200253 450 | |
| 001 | 1258548246 | |
| 005 | 20121015161613.20 | |
| 010 | @a978-7-80741-283-0@dCNY19.00 | |
| 100 | @a20080513d2008 em y0chiy50 ea | |
| 101 | 1 | @achi@ceng |
| 102 | @aCN@b310000 | |
| 105 | @ay z 000yy | |
| 200 | 1 | @a脏话文化史@Azang hua wen hua shi@dLanguage most foul@f露丝·韦津利(Ruth Wajnryb)著@g颜韵译@zeng |
| 210 | @a上海@c文汇出版社@d2008 | |
| 215 | @a271页@d21cm | |
| 330 | @a本书以诙谐风趣的角度探究英语语言演变过程,解析语言中一些词句的起源,探讨“坏”字词是否也出现在其他语言,以及骂人话有哪些文化差异。 | |
| 510 | 1 | @aLanguage most foul@zeng |
| 606 | 0 | @a俗语@x研究 |
| 606 | 0 | @a俗语 |
| 690 | @aH034@v4 | |
| 701 | 0 | @c( )@a韦津利@Awei jin li@c(Wajnryb, Ruth)@4著 |
| 702 | 0 | @a颜韵@Ayan yun@4译 |
| 801 | 0 | @aCN@bNLC@c20101222 |
| 905 | @a10447@dH034@eJY171 | |
| 脏话文化史=Language most foul/露丝·韦津利(Ruth Wajnryb)著/颜韵译.-上海:文汇出版社,2008 |
| 271页;21cm |
| ISBN 978-7-80741-283-0:CNY19.00 |
| 本书以诙谐风趣的角度探究英语语言演变过程,解析语言中一些词句的起源,探讨“坏”字词是否也出现在其他语言,以及骂人话有哪些文化差异。 |
| ● |
| 相关链接 |
|
|
|
|
正题名:脏话文化史
索取号:H034/JY171
 
预约/预借
| 序号 | 登录号 | 条形码 | 馆藏地/架位号 | 状态 | 备注 |
| 1 | 7829402 | 278294025 | 学院路分馆/ [索取号:H034/JY171] | 在馆 | |
| 2 | 7829403 | 278294034 | 学院路分馆/ [索取号:H034/JY171] | 在馆 | |
| 3 | 7829404 | 278294043 | 学院路分馆/ [索取号:H034/JY171] | 在馆 |